| 000 | 00886nas a2200301 4500 | ||
|---|---|---|---|
| 001 | BR0700417 | ||
| 003 | BR-BrBNA | ||
| 005 | 20231205110515.0 | ||
| 007 | ta | ||
| 008 | 230509b bl.|||p| |||| 00| 00por d | ||
| 040 |
_aBR-BrBNA _bpor _cBiblioteca Nacional de Agricultura |
||
| 041 | _a(Pt) | ||
| 072 | _aQ02; U10 | ||
| 100 | 1 | _aHauly, M.C. de O. | |
| 100 | 1 | _aOliveira, A.R. de | |
| 100 | 1 | _aOliveira, A.S. de | |
| 245 | 1 | _aProdução de ácido lático por Lactobacillus curvatus em melaço de cana-de-açúcar | |
| 650 | _aCANA DE AÇÚCAR | ||
| 650 | _aMELAÇO | ||
| 650 | _aBACTÉRIA | ||
| 650 | _aÁCIDO LÁTICO | ||
| 650 | _aPEPTONA | ||
| 650 | _aFERMENTAÇÃO | ||
| 650 | _aMODELO MATEMÁTICO | ||
| 773 | 0 |
_tSemina (Brazil) _xISSN 1676-546X _g(Jan-Jun 2003), v. 24(1) p. 133-142 _wBR0700417 |
|
| 909 |
_a202311 _bLúcia _c55 _dLúcia Elande |
||
| 942 |
_2AGRIS _n0 _cANA |
||
| 999 |
_c187662 _d187662 |
||